Statistics for Name a Specific Team in it's Conference in College Basketball

Click here to take the quiz!

General Stats

  • This quiz has been taken 269 times
    (257 since last reset)
  • The average score is 18 of 32

Answer Stats

HintAnswer% Correct
MichiganBig 10
94%
KansasBig 12
94%
VirginiaACC
92%
VillanovaBig East
90%
FloridaSEC
90%
ArizonaPac-12
88%
HarvardIvy League
83%
UConnAmerican
81%
San Diego StateMountain West
69%
Western MichiganMid-American
64%
GonzagaWest Coast
63%
Georgia StateSun Belt
57%
Saint LouisAtlantic 10
56%
Illinois StateMissouri Valley
56%
Utah ValleyWestern Athletic
54%
WoffordSouthern
53%
Louisiana TechConference USA
52%
Weber StateBig Sky
51%
Eastern KentuckyOhio Valley
51%
UC IrvineBig West
50%
LibertyBig South
47%
North Carolina CentalMid-Eastern
44%
Mount St. Mary'sNortheast
44%
Green BayHorizon League
43%
IonaMetro Atlantic
42%
Boston UniversityPatriot League
41%
DelawareColonial
40%
SouthernSouthwestern Athletic
40%
VermontAmerica East
36%
Florida Gulf CoastAtlantic Sun
36%
Stephen F. AustinSouthland
34%
North Dakota StateThe Summit League
9%

Score Distribution

Percentile by Number Answered

Percent of People with Each Score

Your Score History

You have not taken this quiz since the last reset